Um lobo pela Trela (Registo nº 4229)

Detalhes MARC
000 -Etiqueta do registo
Cabeçalho 00695nam a2200241 4500
005 - Identificador da versão
Campo de controlo 20240813122055.0
010 ## - Número internacional normalizado dos livros (ISBN)
Número (ISBN) 9722413619
021 ## - Número do Depósito Legal
Código do país PT
Número 219597/04
100 ## - Dados gerais de processamento
Dados gerais de processamento 20070327d2005 cb y0pory5003 ba
102 ## - Pais de publicação ou produção
País de publicação Portugal
101 1# - Língua de publicação
Língua do texto, banda sonora, etc. Português
Língua do documento no original Italiano
215 ## - Descrição física 
Indicação específica da natureza do documento e extensão da espécie [26] p.
Outras indicações físicas todo il.
Dimensões 29 cm.
200 1# - Titulo e menção de responsabilidade
Título próprio Um lobo pela Trela
Primeira menção de responsabilidade Guido Visconti
Outras menções de responsabilidade il. Daniella Vignoli
-- trad. Manuela Pessoa
210 ## - Publicação, Distribuição, etc. 
Lugar da edição, distribuição, etc. Lisboa
Nome do editor, distribuidor, etc. Livros Horizonte
Data da publicação, distribuição, etc. 2005
675 ## - Classificação Decimal Universal (CDU)
Notação 087.5:82/89-34
Edição med
Língua da edição fre
702 #1 - Nome de autor-pessoa física (responsabilidade secundária)
Número de registo de entrada de autoridade 0000845
Palavra de ordem Pessoa
Outra parte do nome não tomada para palavra de ordem Manuela
Código de função Tradutor
701 #1 - Nome de autor-pessoa física (co-responsabilidade principal)
Palavra de ordem Vignoli
Outra parte do nome não tomada para palavra de ordem Daniella
Código de função Ilustrador / Técnico de desenho computorizado
700 #1 - Nome de autor-pessoa física (responsabilidade principal)
Número de registo de entrada de autoridade 0000900
Palavra de ordem Visconti
Outra parte do nome não tomada para palavra de ordem Guido
942 ## - Elementos de entrada adicionados (Koha)
Tipo de item no Koha Livro
Exemplares
Situação do levantamento Origin of item (home branch) (coded) Biblioteca de empréstimo Código de barras Cota Circulation type (not for loan) Tipo de documento Nota do exemplar Damaged status
  Biblioteca Escolar das Vendas Biblioteca Escolar das Vendas BEV2140 8EST VIS   Livro Sem mensagem